[Event "SVK-chT2B 1617"]
[Site "Slovakia"]
[Date "2016.12.04"]
[Round "6.4"]
[White "Kunovsky, Daniel"]
[Black "Foldesi, Marek"]
[Result "0-1"]
[WhiteElo "1945"]
[BlackElo "2009"]
[PlyCount "119"]
[EventDate "2016.10.08"]
[EventType "team-tourn"]
[EventRounds "11"]
[EventCountry "SVK"]
[SourceTitle "EXT 2018"]
[Source "ChessBase"]
[SourceDate "2017.10.13"]
[SourceVersion "1"]
[SourceVersionDate "2017.10.13"]
[SourceQuality "1"]
[WhiteTeam "Sala Slovan Duslo"]
[BlackTeam "Levice"]
[WhiteTeamCountry "SVK"]
[BlackTeamCountry "SVK"]

1. e4 e5 2. Nf3 Nc6 3. Bb5 a6 4. Ba4 Nf6 5. 0-0 Be7 6. Re1 b5 7. Bb3 0-0 8. a4 Rb8 9. axb5 axb5 10. Nc3 d6 11. h3 Be6 12. Nd5 Nd4 13. Nxd4 exd4 14. Ra7 Nxd5 15. exd5 Bd7 16. d3 Bf6 17. Bd2 Ra8 18. Qa1 Rxa7 19. Qxa7 Bg5 20. Bxg5 Qxg5 21. Qxd4 Bxh3 22. Qe4 Bd7 23. c3 g6 24. Qe3 Qxe3 25. Rxe3 Kg7 26. Kf1 h5 27. Bd1 Kf6 28. b4 Ra8 29. c4 Ra1 30. Ke2 Rb1 31. Kd2 bxc4 32. dxc4 Rxb4 33. Kc3 Rb1 34. Bc2 Ra1 35. Rf3+ Kg7 36. Kd4 Rc1 37. Bb3 Re1 38. c5 Bf5 39. cxd6 cxd6 40. g3 Re4+ 41. Kc3 Kf6 42. Kd2 Ke5 43. Rc3 g5 44. Rc7 f6 45. Re7+ Kd4 46. Rf7 Bg4 47. Rxf6 Re2+ 48. Kc1 Kc3 49. f3 Re1+ 50. Bd1 Bd7 51. Rxd6 Ba4 52. Rc6+ Bxc6 53. dxc6 Re7 54. Bc2 h4 55. gxh4 gxh4 56. Kd1 h3 57. c7 Rxc7 58. Be4 h2 59. f4 Rd7+ 60. Kc1 0-1

[Event "SVK-chT2B 1516"]
[Site "Slovakia"]
[Date "2016.01.24"]
[Round "7.1"]
[White "Bona, Juraj"]
[Black "Kunovsky, Daniel"]
[Result "1-0"]
[WhiteElo "1859"]
[BlackElo "1972"]
[PlyCount "47"]
[EventDate "2015.10.17"]
[EventType "team-tourn"]
[EventRounds "11"]
[EventCountry "SVK"]
[SourceTitle "EXT 2019"]
[Source "ChessBase"]
[SourceDate "2018.10.10"]
[SourceVersion "1"]
[SourceVersionDate "2018.10.10"]
[SourceQuality "1"]
[WhiteTeam "Batorove Kosihy"]
[BlackTeam "Sala Slovan Duslo"]
[WhiteTeamCountry "SVK"]
[BlackTeamCountry "SVK"]

1. e4 e5 2. f4 d5 3. exd5 e4 4. d3 exd3 5. Bxd3 Nf6 6. Nf3 Qxd5 7. Nc3 Bb4 8. Bd2 Qe6+ 9. Qe2 0-0 10. Ne5 Bd7 11. Bc4 Qf5 12. 0-0-0 Be6 13. Bd3 Qh5 14. g4 Bxg4 15. Nxg4 Qxg4 16. Qf2 Nc6 17. Rhg1 Qe6 18. Qg3 Ne8 19. f5 Qf6 20. Bg5 Qe5 21. Bf4 Qa5 22. Ne4 f6 23. Bc4+ Kh8 24. Bh6 1-0

[Event "SVK-chT2B 1516"]
[Site "Slovakia"]
[Date "2015.10.17"]
[Round "1.2"]
[White "Sofer, Jozef"]
[Black "Kunovsky, Daniel"]
[Result "0-1"]
[WhiteElo "1923"]
[BlackElo "1983"]
[PlyCount "42"]
[EventDate "2015.10.17"]
[EventType "team-tourn"]
[EventRounds "11"]
[EventCountry "SVK"]
[SourceTitle "EXT 2019"]
[Source "ChessBase"]
[SourceDate "2018.10.10"]
[SourceVersion "1"]
[SourceVersionDate "2018.10.10"]
[SourceQuality "1"]
[WhiteTeam "Trencin PK"]
[BlackTeam "Sala Slovan Duslo"]
[WhiteTeamCountry "SVK"]
[BlackTeamCountry "SVK"]

1. d4 Nf6 2. Nc3 d5 3. Bg5 e6 4. a3 Be7 5. e3 0-0 6. Bd3 Nbd7 7. Nf3 b6 8. e4 dxe4 9. Nxe4 Bb7 10. Nxf6+ Nxf6 11. c3 Qd5 12. Qe2 h6 13. Bf4 c5 14. Be5 cxd4 15. Rd1 Rfd8 16. Bxd4 Qh5 17. Bxf6 Bxf6 18. 0-0 Qg4 19. h3 Qa4 20. Nd2 Qc6 21. Qe4 Rxd3 0-1

[Event "SVK-chT2B 1415"]
[Site "Slovakia"]
[Date "2015.02.01"]
[Round "7.7"]
[White "Kunovsky, Daniel"]
[Black "Krupa, Miroslav"]
[Result "1-0"]
[WhiteElo "2022"]
[BlackElo "1725"]
[PlyCount "49"]
[EventDate "2014.10.11"]
[EventType "team-tourn"]
[EventRounds "11"]
[EventCountry "SVK"]
[SourceTitle "EXT 2019"]
[Source "ChessBase"]
[SourceDate "2018.10.10"]
[SourceVersion "1"]
[SourceVersionDate "2018.10.10"]
[SourceQuality "1"]
[WhiteTeam "Sala Slovan Duslo"]
[BlackTeam "Nitra NSK II"]
[WhiteTeamCountry "SVK"]
[BlackTeamCountry "SVK"]

1. e4 e5 2. Nf3 Nc6 3. Bb5 a6 4. Ba4 Nf6 5. 0-0 Be7 6. Re1 d6 7. c3 0-0 8. Bxc6 bxc6 9. d4 exd4 10. cxd4 Bg4 11. h3 Be6 12. Nc3 d5 13. Ne5 Qd6 14. Bf4 Rfe8 15. Bh2 dxe4 16. Nxf7 Qb4 17. Ng5 Bf5 18. Ngxe4 Nxe4 19. Nxe4 Rac8 20. Qf3 Bxe4 21. Qxe4 Bf8 22. Be5 c5 23. Qd5+ Kh8 24. Qf7 Qb5 25. d5 1-0

[Event "SVK-chT2B 1314"]
[Site "Slovakia"]
[Date "2014.03.16"]
[Round "11.5"]
[White "Kunovsky, Daniel"]
[Black "Huliak, Pavol"]
[Result "1/2-1/2"]
[WhiteElo "2028"]
[BlackElo "2081"]
[PlyCount "110"]
[EventDate "2013.10.19"]
[EventType "team-tourn"]
[EventRounds "11"]
[EventCountry "SVK"]
[SourceTitle "EXT 2015"]
[Source "ChessBase"]
[SourceDate "2014.11.20"]
[SourceVersion "1"]
[SourceVersionDate "2014.11.20"]
[SourceQuality "1"]
[WhiteTeam "Sala"]
[BlackTeam "Bojnice"]
[WhiteTeamCountry "SVK"]
[BlackTeamCountry "SVK"]

1. e4 c5 2. Nf3 d6 3. d4 cxd4 4. Nxd4 Nf6 5. Nc3 a6 6. Be2 e5 7. Nb3 Be7 8. 0-0 b5 9. Be3 Bb7 10. Bf3 0-0 11. Qd2 Nbd7 12. a4 b4 13. Nd5 Nxd5 14. exd5 a5 15. c4 f5 16. Qc2 Rc8 17. Rad1 f4 18. Bc1 Ba6 19. Nd2 Nf6 20. b3 Bb7 21. Qb1 Qe8 22. Ne4 Nxe4 23. Qxe4 Rc7 24. Bg4 Bc8 25. Bxc8 Qxc8 26. Rd3 Bd8 27. Bd2 Rcf7 28. f3 Bb6+ 29. Kh1 Rf6 30. Be1 Rh6 31. Bf2 Bxf2 32. Rxf2 Rff6 33. Qe1 Qc5 34. h3 g5 35. Kh2 Rh4 36. Re2 Rfh6 37. Qf2 Qc8 38. Kg1 g4 39. fxg4 Qxg4 40. Qf3 Qc8 41. Kf1 Rg6 42. Qf2 Rh5 43. c5 Rhg5 44. c6 Rg7 45. Qb6 Rf7 46. Ke1 Rgg7 47. Qxa5 Qf5 48. Qd8+ Rf8 49. c7 Rxc7 50. Qxc7 Qxd3 51. Qxd6 f3 52. Qe6+ Rf7 53. gxf3 Qc3+ 54. Rd2 Qe3+ 55. Re2 Qg1+ 1/2-1/2

[Event "SVK-chT2B 1112"]
[Site "Slovakia"]
[Date "2012.01.28"]
[Round "8.2"]
[White "Tomka, Jan"]
[Black "Kunovsky, Daniel"]
[Result "1/2-1/2"]
[WhiteElo "2099"]
[BlackElo "2069"]
[PlyCount "30"]
[EventDate "2011.10.08"]
[EventType "team-tourn"]
[EventRounds "11"]
[EventCountry "SVK"]
[SourceTitle "EXT 2013"]
[Source "ChessBase"]
[SourceDate "2012.11.22"]
[SourceVersion "1"]
[SourceVersionDate "2012.11.22"]
[SourceQuality "1"]
[WhiteTeam "Topolcianky SK"]
[BlackTeam "Sala Slovan Duslo"]
[WhiteTeamCountry "SVK"]
[BlackTeamCountry "SVK"]

1. d4 Nf6 2. Nf3 g6 3. Bf4 Bg7 4. e3 0-0 5. Be2 d5 6. Nc3 c5 7. Ne5 cxd4 8. exd4 Nc6 9. Qd2 Nd7 10. Nf3 Nf6 11. Ne5 Nd7 12. Nf3 Nb6 13. Bh6 Bg4 14. Bxg7 Kxg7 15. 0-0 e6 1/2-1/2

[Event "SVK-chT2B 1112"]
[Site "Slovakia"]
[Date "2011.10.09"]
[Round "2.5"]
[White "Kunovsky, Daniel"]
[Black "Voros, Gellert"]
[Result "0-1"]
[WhiteElo "2069"]
[BlackElo "1992"]
[PlyCount "58"]
[EventDate "2011.10.08"]
[EventType "team-tourn"]
[EventRounds "11"]
[EventCountry "SVK"]
[SourceTitle "EXT 2013"]
[Source "ChessBase"]
[SourceDate "2012.11.22"]
[SourceVersion "1"]
[SourceVersionDate "2012.11.22"]
[SourceQuality "1"]
[WhiteTeam "Sala Slovan Duslo"]
[BlackTeam "Komarno KSC II"]
[WhiteTeamCountry "SVK"]
[BlackTeamCountry "SVK"]

1. e4 e5 2. Nf3 Nc6 3. Bb5 a6 4. Ba4 Nf6 5. 0-0 Nxe4 6. d4 b5 7. Bb3 d5 8. dxe5 Be6 9. c3 Bc5 10. Nbd2 0-0 11. Bc2 f5 12. exf6 Nxf6 13. Nb3 Bb6 14. Bg5 Qd7 15. Qd3 Ne4 16. Be3 Bg4 17. Nbd4 Bxd4 18. Bxd4 Bxf3 19. gxf3 Nxd4 20. Qxd4 Ng5 21. Be4 c6 22. Kh1 Qe6 23. Rg1 h6 24. Bc2 Qf6 25. Qd3 Qxf3+ 26. Rg2 Qxd3 27. Bxd3 Nh3 28. Rf1 Rf6 29. f3 Raf8 0-1

[Event "SVK-chT2B 10/11"]
[Site "Slovakia"]
[Date "2010.12.04"]
[Round "3.1"]
[White "Rakay, Kvetoslav"]
[Black "Kunovsky, Daniel"]
[Result "0-1"]
[WhiteElo "2027"]
[BlackElo "2046"]
[PlyCount "114"]
[EventDate "2010.10.23"]
[EventType "team-tourn"]
[EventRounds "11"]
[EventCountry "SVK"]
[SourceTitle "EXT 2019"]
[Source "ChessBase"]
[SourceDate "2018.10.10"]
[SourceVersion "1"]
[SourceVersionDate "2018.10.10"]
[SourceQuality "1"]
[WhiteTeam "Trencin SK II"]
[BlackTeam "Sala Slovan Duslo"]
[WhiteTeamCountry "SVK"]
[BlackTeamCountry "SVK"]

1. d4 Nf6 2. c4 g6 3. Nc3 d5 4. Nf3 Bg7 5. e3 0-0 6. Be2 c5 7. 0-0 cxd4 8. exd4 Nc6 9. Ne5 Nxe5 10. dxe5 Nd7 11. f4 dxc4 12. Bxc4 Nb6 13. Bb3 Qxd1 14. Rxd1 Bg4 15. Re1 Rac8 16. Be3 Nc4 17. Nd5 Kh8 18. Nxe7 Rc7 19. Rac1 Be6 20. Bxa7 b5 21. Bb6 Rxe7 22. Bc5 Rd7 23. Bxf8 Bxf8 24. Red1 Ra7 25. Rd8 Kg7 26. a4 Bc5+ 27. Kh1 Be3 28. Rc3 Bxf4 29. axb5 Bxe5 30. Rc1 Bxb2 31. Rb1 Bf6 32. Rd3 Rb7 33. Rdd1 Rxb5 34. Bxc4 Bxc4 35. Rxb5 Bxb5 36. h3 h5 37. Kg1 g5 38. Rd2 Kg6 39. Rd1 Bc4 40. Rc1 Be6 41. Rb1 g4 42. hxg4 hxg4 43. Rb5 Bd4+ 44. Kh1 f5 45. Ra5 Bf6 46. Rb5 Bc4 47. Rc5 Bd3 48. Rd5 Be4 49. Rb5 Kg5 50. Ra5 Kh4 51. Ra3 Bg5 52. Ra4 Be3 53. Kh2 Kg5 54. Ra6 f4 55. Ra1 g3+ 56. Kh1 f3 57. Ra2 Bf2 0-1

[Event "SVK-chT2B 0910"]
[Site "Slovakia"]
[Date "2009.10.11"]
[Round "2"]
[White "Detko, Jan"]
[Black "Kunovsky, Daniel"]
[Result "1/2-1/2"]
[WhiteElo "2113"]
[BlackElo "2047"]
[PlyCount "72"]
[EventDate "2009.10.10"]
[EventType "team"]
[EventRounds "11"]
[EventCountry "SVK"]
[SourceTitle "EXT 2011"]
[Source "ChessBase"]
[SourceDate "2010.11.26"]
[SourceVersion "1"]
[SourceVersionDate "2010.11.26"]
[SourceQuality "1"]
[WhiteTeam "Prievidza II"]
[BlackTeam "Sala Slovan Duslo"]
[WhiteTeamCountry "SVK"]
[BlackTeamCountry "SVK"]

1. e4 e5 2. Nc3 Nf6 3. f4 d6 4. Nf3 Nc6 5. Bb5 Bd7 6. d3 Nd4 7. Nxd4 exd4 8. Bxd7+ Qxd7 9. Ne2 c5 10. 0-0 Be7 11. Ng3 g6 12. f5 0-0 13. Bh6 Rfe8 14. h4 Kh8 15. h5 Ng8 16. Bd2 g5 17. b3 h6 18. Ne2 Bf6 19. c3 dxc3 20. Bxc3 Bxc3 21. Nxc3 Nf6 22. Qf3 Re5 23. Rad1 d5 24. d4 cxd4 25. Rxd4 dxe4 26. Rxd7 exf3 27. Rxf7 fxg2 28. Kxg2 Nxh5 29. Rd1 Nf4+ 30. Kf1 Rae8 31. Rdd7 Re1+ 32. Kf2 Nh3+ 33. Kg2 Nf4+ 34. Kf2 Nh3+ 35. Kg2 Nf4+ 36. Kf2 Nh3+ 1/2-1/2

[Event "SVK-chT2B 0809"]
[Site "Slovakia"]
[Date "2008.10.11"]
[Round "1.6"]
[White "Kunovsky, Daniel"]
[Black "Nemeth, Daniel"]
[Result "1-0"]
[WhiteElo "2025"]
[BlackElo "1721"]
[PlyCount "85"]
[EventDate "2008.10.11"]
[EventType "team-tourn"]
[EventRounds "11"]
[EventCountry "SVK"]
[SourceTitle "EXT 2010"]
[Source "ChessBase"]
[SourceDate "2010.11.25"]
[SourceVersion "1"]
[SourceVersionDate "2010.11.25"]
[SourceQuality "1"]
[WhiteTeam "Sala Slovan Duslo"]
[BlackTeam "Nove Zamky Basta II"]
[WhiteTeamCountry "SVK"]
[BlackTeamCountry "SVK"]

1. e4 e6 2. d4 d5 3. Nc3 dxe4 4. Nxe4 Bd7 5. Nf3 Bc6 6. Bd3 Nd7 7. 0-0 Ngf6 8. Re1 Be7 9. c4 Nxe4 10. Bxe4 Bxe4 11. Rxe4 Nf6 12. Re1 0-0 13. Bg5 c6 14. Qb3 Qc7 15. Rac1 Rfd8 16. h3 Rd7 17. Red1 Rad8 18. Be3 Qa5 19. Ne5 Rc7 20. Bd2 Qb6 21. Qxb6 axb6 22. Be3 Rcc8 23. Kf1 Ne4 24. Ke2 Bg5 25. Rd3 Bxe3 26. Kxe3 Nf6 27. Rb3 Nd7 28. Nxd7 Rxd7 29. Rxb6 Rcd8 30. Rd1 c5 31. d5 exd5 32. Rxd5 Rxd5 33. cxd5 Rxd5 34. Rxb7 g6 35. Rb5 Kg7 36. b4 Re5+ 37. Kd2 Rd5+ 38. Kc3 cxb4+ 39. Rxb4 Rd1 40. a4 Rf1 41. Rb2 Ra1 42. Kb4 Kf6 43. Kb5 1-0